| 000 | 00652nam a22001457a 4500 | ||
|---|---|---|---|
| 999 |
_c531027 _d531027 |
||
| 008 | 250724b ||||| |||| 00| 0 eng d | ||
| 100 |
_aOrsini, Francesca _955625 |
||
| 245 | _aMaulana Da’ud, The Chandayan | ||
| 260 | _aThe Indian Economic and Social History Review | ||
| 300 | _a62(2), Apr-Jun, 2025: p.272-274 | ||
| 520 | _aTrans. Richard j. Cohen, with essays by Naman P. Ahuja, Vivek Gupta and Qamar Adamjee (Mumbai: the Marg foundation, 2024), 424 pp.- Reproduced https://journals.sagepub.com/doi/full/10.1177/00194646251322490 | ||
| 773 | _aThe Indian Economic and Social History Review | ||
| 906 | _aBOOK REVIEW | ||
| 942 | _cAR | ||